[Event "San Jose Metropolitano op-A 45th"]
[Site "San Jose"]
[Date "2024.12.29"]
[Round "8"]
[White "Barboza Viquez, Martin Eduardo"]
[Black "Mayorga Araya, Sofia"]
[Result "1-0"]
[WhiteElo "1964"]
[BlackElo "2038"]
[PlyCount "75"]
[EventDate "2024.12.26"]
[EventType "swiss"]
[EventRounds "9"]
[EventCountry "CRI"]
[SourceTitle "CB02_2025"]
[SourceDate "2025.01.08"]
[SourceVersion "1"]
[SourceVersionDate "2025.01.08"]
[SourceQuality "1"]

1. e4 c5 2. Nf3 d6 3. d4 cxd4 4. Qxd4 Nc6 5. Bb5 Bd7 6. Qd3 a6 7. Bxc6 Bxc6 8. c4 Nf6 9. Nc3 e6 10. 0-0 Be7 11. h3 0-0 12. Nd4 Qc7 13. Be3 Rac8 14. Rac1 Be8 15. b3 Nd7 16. f4 Nb8 17. f5 Bd7 18. Nf3 h6 19. Nh2 Nc6 20. Ng4 Ne5 21. Nxe5 dxe5 22. f6 Bc5 23. Kh1 Bxe3 24. Qxe3 Qc5 25. Qd2 Rfd8 26. fxg7 Kxg7 27. Qe2 Qe7 28. Qh5 f6 29. Rf3 Rg8 30. Rcf1 Be8 31. Qh4 Rf8 32. Nd1 Bg6 33. Rg3 Kh7 34. Ne3 h5 35. Ng4 Rce8 36. Nxf6+ Rxf6 37. Rxf6 Rg8 38. Rgxg6 1-0

[Event "San Jose Metropolitano op-A 45th"]
[Site "San Jose"]
[Date "2024.12.29"]
[Round "7"]
[White "Schnell, Sebastian Narayana"]
[Black "Barboza Viquez, Martin Eduardo"]
[Result "1-0"]
[WhiteElo "1986"]
[BlackElo "1964"]
[PlyCount "131"]
[EventDate "2024.12.26"]
[EventType "swiss"]
[EventRounds "9"]
[EventCountry "CRI"]
[SourceTitle "CB02_2025"]
[SourceDate "2025.01.08"]
[SourceVersion "1"]
[SourceVersionDate "2025.01.08"]
[SourceQuality "1"]

1. d4 Nf6 2. Nf3 e6 3. g3 d5 4. c4 Bb4+ 5. Bd2 Be7 6. Bg2 0-0 7. Qc2 Nbd7 8. 0-0 c6 9. Rd1 b6 10. Bf4 Bb7 11. Ne5 Nh5 12. Bd2 Nhf6 13. cxd5 cxd5 14. Nc6 Bxc6 15. Qxc6 Rc8 16. Qa4 Qc7 17. Nc3 Qc4 18. Qxc4 Rxc4 19. e3 Nb8 20. Bf1 Rc6 21. f3 a6 22. a4 Rfc8 23. Bd3 Bf8 24. Na2 b5 25. axb5 axb5 26. Bb4 Bxb4 27. Nxb4 Rb6 28. Rdc1 Rxc1+ 29. Rxc1 Kf8 30. Rc5 Ne8 31. Rxb5 Rxb5 32. Bxb5 Nd6 33. Bd3 Nc4 34. Bxc4 dxc4 35. Kf2 Ke7 36. Ke2 Kd6 37. Kd2 Nd7 38. e4 Nb6 39. Na2 Kc6 40. Nc3 Nd7 41. Nd1 Nb6 42. Ne3 Kb5 43. f4 g6 44. g4 Kb4 45. Kc2 f5 46. gxf5 gxf5 47. e5 Kb5 48. Kd2 Kc6 49. Kc2 Kb5 50. d5 Nxd5 51. Nxd5 exd5 52. Kc3 Kc5 53. b4+ cxb3 54. Kxb3 Kb5 55. Kc3 Kc5 56. Kd3 Kb5 57. Kd4 Kc6 58. h4 h5 59. e6 Kd6 60. e7 Kxe7 61. Kxd5 Kd7 62. Ke5 Kc6 63. Kxf5 Kd5 64. Kg6 Ke6 65. f5+ Ke7 66. Kg7 1-0

[Event "San Jose Metropolitano op-A 45th"]
[Site "San Jose"]
[Date "2024.12.27"]
[Round "3"]
[White "Barboza Viquez, Martin Eduardo"]
[Black "Mendez Machado, Andre"]
[Result "0-1"]
[WhiteElo "1964"]
[BlackElo "2146"]
[PlyCount "144"]
[EventDate "2024.12.26"]
[EventType "swiss"]
[EventRounds "9"]
[EventCountry "CRI"]
[SourceTitle "CB02_2025"]
[SourceDate "2025.01.08"]
[SourceVersion "1"]
[SourceVersionDate "2025.01.08"]
[SourceQuality "1"]

1. e4 e5 2. Nf3 Nc6 3. Bc4 Bc5 4. 0-0 Nf6 5. d3 d6 6. c3 a6 7. a4 0-0 8. b4 Ba7 9. h3 Be6 10. Bxe6 fxe6 11. Ra2 Qd7 12. Re1 Rae8 13. b5 Ne7 14. d4 exd4 15. cxd4 axb5 16. axb5 Bb6 17. Nc3 Ng6 18. e5 dxe5 19. dxe5 Nd5 20. Nxd5 Qxd5 21. Qxd5 exd5 22. h4 Nf4 23. Be3 Nd3 24. Rd1 Nxe5 25. Bxb6 Nxf3+ 26. gxf3 cxb6 27. Rxd5 Rxf3 28. Rd7 Rf7 29. Rad2 Rxd7 30. Rxd7 Re5 31. Rxb7 Rxb5 32. h5 h6 33. Kg2 Rg5+ 34. Kf3 b5 35. Ke4 Rxh5 36. f4 Rc5 37. Kd4 Rc4+ 38. Ke5 b4 39. f5 Rg4 40. f6 Rg5+ 41. Kf4 gxf6 42. Rxb4 Kg7 43. Rb1 Kg6 44. Rb2 h5 45. Rb8 Rg4+ 46. Kf3 Ra4 47. Rb5 h4 48. Rc5 h3 49. Kg3 Ra3+ 50. Kh2 f5 51. Rc8 Kg5 52. Rh8 Kg4 53. Rg8+ Kf4 54. Rh8 Ke4 55. Re8+ Kf3 56. Rf8 f4 57. Kxh3 Kf2+ 58. Kh2 f3 59. Rb8 Ra2 60. Re8 Ra4 61. Rh8 Ra2 62. Re8 Re2 63. Ra8 Rd2 64. Re8 Rd7 65. Rh8 Rg7 66. Rh6 Rg8 67. Rh7 Re8 68. Rh6 Kf1 69. Rf6 f2 70. Kg3 Rg8+ 71. Kh2 Rh8+ 72. Kg3 Kg1 0-1

[Event "American Continental 18th"]
[Site "Medellin"]
[Date "2024.05.28"]
[Round "7"]
[White "Barboza Viquez, Martin Eduardo"]
[Black "Diaz Gonzalez, Ana Sofia"]
[Result "0-1"]
[WhiteElo "1908"]
[BlackElo "1717"]
[PlyCount "58"]
[EventDate "2024.05.24"]
[EventType "swiss"]
[EventRounds "11"]
[EventCountry "COL"]
[SourceTitle "CBM 220 Extra"]
[Source "ChessBase"]
[SourceDate "2024.07.31"]
[SourceVersion "1"]
[SourceVersionDate "2024.07.31"]
[SourceQuality "1"]

1. e4 e5 2. Nf3 Nc6 3. Bc4 Bc5 4. 0-0 Nf6 5. d3 d6 6. c3 a5 7. h3 h6 8. Re1 0-0 9. Nbd2 Be6 10. Bb5 Ba7 11. Nf1 Nd7 12. Ne3 Ne7 13. d4 c6 14. Bd3 f5 15. dxe5 fxe4 16. Bxe4 d5 17. Bc2 Nf5 18. Nd4 Nxd4 19. cxd4 Qh4 20. Qd3 Rxf2 21. Qh7+ Kf8 22. Ng4 Bxg4 23. Be3 Rxg2+ 24. Kxg2 Bxh3+ 25. Kh2 Bf5+ 26. Kg2 Qh3+ 27. Kg1 Qg3+ 28. Kh1 Bxh7 29. Bxh7 Ke7 0-1

[Event "American Continental 18th"]
[Site "Medellin"]
[Date "2024.05.25"]
[Round "2"]
[White "Bolanos Lopez, Juan Jacobo"]
[Black "Barboza Viquez, Martin Eduardo"]
[Result "1/2-1/2"]
[WhiteElo "2160"]
[BlackElo "1908"]
[PlyCount "100"]
[EventDate "2024.05.24"]
[EventType "swiss"]
[EventRounds "11"]
[EventCountry "COL"]
[SourceTitle "CBM 220 Extra"]
[Source "ChessBase"]
[SourceDate "2024.07.31"]
[SourceVersion "1"]
[SourceVersionDate "2024.07.31"]
[SourceQuality "1"]

1. e4 c6 2. Nf3 d5 3. Nc3 Bg4 4. h3 Bxf3 5. Qxf3 Nf6 6. Be2 e6 7. 0-0 Nbd7 8. d4 dxe4 9. Nxe4 Nxe4 10. Qxe4 Nf6 11. Qd3 Bd6 12. Rd1 0-0 13. c4 Qd7 14. Bg5 Be7 15. Rab1 a5 16. b3 Rfd8 17. Bc1 c5 18. Be3 Qc7 19. Qc2 cxd4 20. Bxd4 Bc5 21. Bxc5 Qxc5 22. Bf3 Qc7 23. Qe2 h6 24. Rb2 Rxd1+ 25. Qxd1 Rd8 26. Rd2 Rxd2 27. Qxd2 b6 28. g3 Kf8 29. a3 Ke7 30. Qc3 Qd6 31. b4 axb4 32. axb4 e5 33. c5 bxc5 34. bxc5 Qd4 35. Qc2 e4 36. c6 Kd8 37. Be2 Kc7 38. Qb3 Kxc6 39. Qxf7 Nd7 40. Qe6+ Kc7 41. Kg2 Nc5 42. Qe7+ Kb6 43. Qe8 Nd3 44. Qb8+ Ka5 45. Qf8 Kb5 46. Qf4 Kc4 47. Qc1+ Kb4 48. Qd2+ Ka3 49. Qa5+ Kb2 50. Qd2+ Kb3 1/2-1/2

[Event "Santa Barbara Avendano Memorial"]
[Site "Santa Barbara"]
[Date "2024.02.10"]
[Round "3"]
[White "Barboza Viquez, Martin Eduardo"]
[Black "Pastor Carvajal, Jeigoth"]
[Result "0-1"]
[WhiteElo "1780"]
[BlackElo "1995"]
[PlyCount "120"]
[EventDate "2024.01.27"]
[EventType "swiss"]
[EventRounds "6"]
[EventCountry "CRI"]
[SourceTitle "EXT 2025"]
[Source "ChessBase"]
[SourceDate "2024.10.14"]
[SourceVersion "1"]
[SourceVersionDate "2024.10.14"]
[SourceQuality "1"]

1. e4 e6 2. d4 d5 3. e5 c5 4. c3 Qb6 5. a3 Nc6 6. Nf3 Nh6 7. Bd3 cxd4 8. 0-0 Bd7 9. Re1 Rc8 10. Bc2 Be7 11. cxd4 Nf5 12. Bxf5 exf5 13. Nc3 Be6 14. Qd3 0-0 15. b4 h6 16. Bd2 Qd8 17. Rec1 b6 18. Rc2 Bxb4 19. Nb5 Be7 20. Rac1 Qd7 21. Qb3 g5 22. Qa4 a5 23. Nd6 Bxd6 24. exd6 Ne5 25. Qxd7 Nxf3+ 26. gxf3 Bxd7 27. Rc7 Rfd8 28. Rb7 Rxc1+ 29. Bxc1 Bc6 30. Rxb6 Rxd6 31. Bd2 a4 32. Bb4 Re6 33. Bc5 f4 34. Kg2 h5 35. Ra6 Kg7 36. Rb6 Kg6 37. Rb8 Kg7 38. Bf8+ Kh7 39. Bc5 Be8 40. h3 Kg6 41. Rd8 Bc6 42. Rg8+ Kf6 43. h4 gxh4 44. Kh3 Re1 45. Rh8 Bd7+ 46. Kh2 h3 47. Rxh5 Rf1 48. Rh6+ Kg7 49. Rh4 Rxf2+ 50. Kg1 Rxf3 51. Bd6 Kg6 52. Rxf4 Rg3+ 53. Kh1 Rg2 54. Rf3 Rd2 55. Be5 Bf5 56. Kg1 f6 57. Rg3+ Kf7 58. Bd6 h2+ 59. Kh1 Be4+ 60. Rg2 Rxg2 0-1

[Event "CRI-ch"]
[Site "San Jose"]
[Date "2024.01.14"]
[Round "9"]
[White "Rodriguez Arrieta, Maria Elena"]
[Black "Barboza Viquez, Martin Eduardo"]
[Result "1-0"]
[WhiteElo "1915"]
[BlackElo "1780"]
[PlyCount "89"]
[EventDate "2024.01.06"]
[EventType "swiss"]
[EventRounds "9"]
[EventCountry "CRI"]
[SourceTitle "CBM 218 Extra"]
[Source "ChessBase"]
[SourceDate "2024.03.31"]
[SourceVersion "1"]
[SourceVersionDate "2024.03.31"]
[SourceQuality "1"]

1. e4 c6 2. d4 d5 3. Nd2 dxe4 4. Nxe4 Bf5 5. Ng3 Bg6 6. Nh3 h6 7. Nf4 Bh7 8. Bc4 Nf6 9. 0-0 Nbd7 10. Re1 Nb6 11. Bb3 Nbd5 12. Nxd5 cxd5 13. Ba4+ Nd7 14. Qf3 Qa5 15. Bxd7+ Kxd7 16. c3 Bg6 17. h4 h5 18. Bf4 e6 19. Qe2 Be7 20. Qe5 Qb6 21. Qxg7 Bxh4 22. c4 Qc6 23. cxd5 Qxd5 24. Re5 Qxd4 25. Be3 Qd3 26. Ne4 b6 27. Bg5 Bxg5 28. Nxg5 Rhg8 29. Qf6 Rge8 30. Rc1 Rac8 31. Rxc8 Rxc8 32. Nxf7 Rc1+ 33. Kh2 Bxf7 34. Qxf7+ Kc8 35. Qxe6+ Kb7 36. Rd5 Qc2 37. Rd7+ Ka6 38. Qf7 Qxb2 39. Rxa7+ Kb5 40. Qxh5+ Rc5 41. Qe8+ Kc4 42. Qe4+ Kc3 43. Qe3+ Kc4 44. Qe6+ Kb5 45. a4+ 1-0

[Event "CRI-ch"]
[Site "San Jose"]
[Date "2024.01.09"]
[Round "4"]
[White "Barboza Viquez, Martin Eduardo"]
[Black "Diaz Charpentier, Kristel Melissa"]
[Result "0-1"]
[WhiteElo "1780"]
[BlackElo "1951"]
[PlyCount "112"]
[EventDate "2024.01.06"]
[EventType "swiss"]
[EventRounds "9"]
[EventCountry "CRI"]
[SourceTitle "CBM 218 Extra"]
[Source "ChessBase"]
[SourceDate "2024.03.31"]
[SourceVersion "1"]
[SourceVersionDate "2024.03.31"]
[SourceQuality "1"]

1. e4 c5 2. Nf3 Nc6 3. Bb5 g6 4. Bxc6 dxc6 5. d3 Bg7 6. h3 Nf6 7. Be3 Nxe4 8. dxe4 Qxd1+ 9. Kxd1 Bxb2 10. c3 Bxa1 11. Kc2 b6 12. Bh6 f6 13. Nbd2 Bxc3 14. Kxc3 Be6 15. a3 Kf7 16. Be3 Rhd8 17. Rb1 Rd7 18. a4 Rad8 19. a5 Rd3+ 20. Kc2 bxa5 21. Bxc5 a4 22. Rb4 a3 23. Ra4 a2 24. Rxa7 R3d7 25. Ra3 Rd3 26. Ra7 R8d7 27. Ra5 g5 28. Be3 Kg6 29. Bxg5 c5 30. Be3 R3d6 31. Nb3 Rb7 32. Nfd2 Rdb6 33. Nxc5 Rc6 34. f4 Bf7 35. g4 Rb5 36. Ra3 Rcxc5+ 37. Bxc5 Rxc5+ 38. Kb2 Rb5+ 39. Kc2 e5 40. f5+ Kg5 41. Nf3+ Kf4 42. Nd2 h5 43. gxh5 Kg5 44. h6 Kxh6 45. Ra6 Kg5 46. Ra3 Rb8 47. Rg3+ Kh4 48. Ra3 Rg8 49. Kb2 Rg2 50. Kc1 Rg3 51. Ra8 Kxh3 52. Kb2 Rg2 53. Kc1 Kg3 54. Ra3+ Kf2 55. Rf3+ Ke2 56. Rc3 Rg1+ 0-1

[Event "CRI-ch"]
[Site "San Jose"]
[Date "2024.01.06"]
[Round "2"]
[White "Ruiz Alfaro, Darrel"]
[Black "Barboza Viquez, Martin Eduardo"]
[Result "0-1"]
[WhiteElo "1599"]
[BlackElo "1780"]
[PlyCount "109"]
[EventDate "2024.01.06"]
[EventType "swiss"]
[EventRounds "9"]
[EventCountry "CRI"]
[SourceTitle "CBM 218 Extra"]
[Source "ChessBase"]
[SourceDate "2024.03.31"]
[SourceVersion "1"]
[SourceVersionDate "2024.03.31"]
[SourceQuality "1"]

1. Nf3 Nf6 2. d4 e6 3. c4 d5 4. g3 Bb4+ 5. Bd2 Be7 6. Bg2 0-0 7. 0-0 c6 8. Qc2 b6 9. Ne5 Bb7 10. Bf4 Nbd7 11. b3 c5 12. dxc5 Bxc5 13. Nc3 Rc8 14. Rad1 Ba8 15. e4 Nxe5 16. Bxe5 Nd7 17. Bf4 e5 18. Bc1 d4 19. Ne2 a6 20. Kh1 Bc6 21. f4 f6 22. Qb2 Qe7 23. Rfe1 b5 24. cxb5 Bxb5 25. a4 Bc6 26. Bd2 Rb8 27. Qa2 Kh8 28. Nc1 Bd6 29. Nd3 Nc5 30. Nxc5 Bxc5 31. Rc1 Rfc8 32. fxe5 fxe5 33. Bf1 Qb7 34. Bd3 Bd6 35. Rb1 Qf7 36. Rf1 Qg6 37. Rbe1 Rc7 38. Rf3 Qg4 39. Ref1 h6 40. R3f2 Rcc8 41. Kg1 Rf8 42. Qc2 Bb7 43. Bc4 Rxf2 44. Kxf2 Rf8+ 45. Kg1 h5 46. Qd3 h4 47. Qe2 Qg6 48. Qg2 Bc5 49. Bd3 Qg4 50. gxh4 Qxh4 51. Qg3 Qxg3+ 52. hxg3 Rf6 53. Bc4 d3+ 54. Kh1 Bf2 55. Kg2 0-1

[Event "Iberoamerican-ch 9th"]
[Site "Panama City"]
[Date "2023.12.01"]
[Round "8"]
[White "Barboza Viquez, Martin Eduardo"]
[Black "Guevara Sanchez, Erick Marvin"]
[Result "1/2-1/2"]
[WhiteElo "1657"]
[BlackElo "2059"]
[PlyCount "103"]
[EventDate "2023.11.25"]
[EventType "swiss"]
[EventRounds "9"]
[EventCountry "PAN"]
[SourceTitle "EXT 2025"]
[Source "ChessBase"]
[SourceDate "2024.10.14"]
[SourceVersion "1"]
[SourceVersionDate "2024.10.14"]
[SourceQuality "1"]

1. e4 c5 2. Nf3 a6 3. c3 e6 4. d4 d5 5. e5 Nc6 6. Be2 Nge7 7. Na3 cxd4 8. cxd4 Nf5 9. Nc2 Be7 10. 0-0 0-0 11. Bd3 Bd7 12. Kh1 Rc8 13. g4 Nh6 14. h3 Kh8 15. Bxh6 gxh6 16. Qd2 Bg5 17. Nxg5 hxg5 18. f4 gxf4 19. Qxf4 Qh4 20. Qf6+ Qxf6 21. Rxf6 Kg7 22. g5 Ne7 23. Na3 Rc7 24. Rc1 Ng6 25. Kh2 Ba4 26. Kg3 Rfc8 27. h4 Be8 28. h5 Nf8 29. g6 hxg6 30. hxg6 Re7 31. gxf7 Rxf7 32. Nc2 Nd7 33. Rg6+ Kf8 34. Rh1 Ke7 35. Ne3 Nb8 36. Rg8 Bd7 37. Rxc8 Bxc8 38. Rh8 Rf8 39. Rxf8 Kxf8 40. Kg4 Ke7 41. Kg5 Bd7 42. Nc2 Ba4 43. b3 Be8 44. Ne3 Nc6 45. Nc2 Na7 46. a4 a5 47. Ne3 Nc6 48. Nc2 Na7 49. Na3 Nc6 50. Nc2 Nd8 51. Na3 Nf7+ 52. Kf4 1/2-1/2

[Event "Iberoamerican-ch 9th"]
[Site "Panama City"]
[Date "2023.11.29"]
[Round "6"]
[White "Barboza Viquez, Martin Eduardo"]
[Black "Diaz Perez, Michel Alejandro"]
[Result "0-1"]
[WhiteElo "1657"]
[BlackElo "2459"]
[PlyCount "66"]
[EventDate "2023.11.25"]
[EventType "swiss"]
[EventRounds "9"]
[EventCountry "PAN"]
[SourceTitle "CBM 217 Extra"]
[Source "ChessBase"]
[SourceDate "2024.01.31"]
[SourceVersion "1"]
[SourceVersionDate "2024.01.31"]
[SourceQuality "1"]

1. e4 c6 2. d4 d5 3. e5 Bf5 4. Nf3 e6 5. Be2 Nd7 6. 0-0 h6 7. c3 Ne7 8. Nbd2 g5 9. h3 Bg7 10. Nh2 Qc7 11. b4 0-0 12. h4 gxh4 13. Nb3 f6 14. f4 fxe5 15. fxe5 h3 16. Ng4 hxg2 17. Kxg2 Be4+ 18. Bf3 Rxf3 19. Rxf3 Nf5 20. Kg1 Bxf3 21. Qxf3 h5 22. Ne3 Rf8 23. Nxf5 Rxf5 24. Qg2 Nf8 25. Bd2 Qf7 26. Na5 Ng6 27. Rf1 Nh4 28. Rxf5 Qxf5 29. Qe2 Qf3 30. Qf2 Qh3 31. Qe2 Qg3+ 32. Kf1 Nf3 33. Be3 Nh2+ 0-1

[Event "Caribbean-ch U14"]
[Site "San Salvador"]
[Date "2021.11.27"]
[Round "5"]
[White "Barboza Viquez, Martin Eduardo"]
[Black "Prabhakar, Chandresh"]
[Result "1-0"]
[WhiteElo "1491"]
[BlackElo "1198"]
[PlyCount "139"]
[EventDate "2021.11.27"]
[EventType "swiss"]
[EventRounds "9"]
[EventCountry "ESA"]
[SourceTitle "EXT 2023"]
[Source "ChessBase"]
[SourceDate "2022.10.05"]
[SourceVersion "1"]
[SourceVersionDate "2022.10.05"]
[SourceQuality "1"]
[WhiteTeam "Costa Rica"]
[BlackTeam "Trinidad and Tobago"]
[WhiteTeamCountry "CRI"]
[BlackTeamCountry "TRI"]

1. d4 Nf6 2. Bg5 g6 3. Bxf6 exf6 4. g3 c6 5. Bg2 d5 6. e3 Bg7 7. Ne2 Bf5 8. 0-0 Qd7 9. Re1 0-0 10. Nd2 Re8 11. b3 Be6 12. c4 f5 13. Nc3 Na6 14. cxd5 cxd5 15. a3 Rac8 16. Rc1 Bf8 17. b4 b5 18. Nb3 Red8 19. Nc5 Nxc5 20. bxc5 a5 21. Rb1 Rb8 22. Bf1 b4 23. axb4 axb4 24. Na2 b3 25. Rxb3 Qa4 26. Rxb8 Qxd1 27. Rxd1 Rxb8 28. Nc3 Rb4 29. Bg2 Rb3 30. Nxd5 Bxd5 31. Bxd5 Rc3 32. Rb1 Bxc5 33. dxc5 Rxc5 34. Ba2 Rc7 35. Bd5 Kg7 36. Rb7 Rc5 37. Rxf7+ Kh6 38. Rd7 Kg5 39. Rd6 Rc1+ 40. Kg2 Rd1 41. h4+ Kh6 42. Rd7 g5 43. Be6 Rc1 44. hxg5+ Kg6 45. Rd5 Kxg5 46. Rxf5+ Kg6 47. Rd5 Kf6 48. Bf5 Kg7 49. e4 Kf6 50. Bxh7 Re1 51. Bf5 Rc1 52. Rd6+ Ke5 53. Rb6 Ra1 54. g4 Kf4 55. Rg6 Ra3 56. Rg8 Ke5 57. g5 Kd6 58. g6 Ke7 59. Rh8 Kf6 60. Rh7 Ra8 61. g7 Kf7 62. Rh8 Rg8 63. Be6+ Kxg7 64. Rxg8+ Kf6 65. f4 Ke7 66. f5 Kf6 67. Rg6+ Ke7 68. e5 Kf8 69. f6 Ke8 70. Rg8# 1-0

[Event "World Cup U14 Prel"]
[Site "Tornelo INT"]
[Date "2021.08.11"]
[Round "5"]
[White "Wanjala, Samuel"]
[Black "Barboza Viquez, Martin Eduardo"]
[Result "0-1"]
[WhiteElo "1354"]
[BlackElo "1491"]
[PlyCount "124"]
[EventDate "2021.08.11"]
[EventType "swiss (rapid)"]
[EventRounds "10"]
[EventCountry "NET"]
[SourceTitle "EXT 2025"]
[Source "ChessBase"]
[SourceDate "2024.10.14"]
[SourceVersion "1"]
[SourceVersionDate "2024.10.14"]
[SourceQuality "1"]

1. e4 c6 2. Bc4 d5 3. exd5 cxd5 4. Bb3 Nc6 5. Ne2 Nf6 6. d3 Bg4 7. f3 Bh5 8. Bf4 e6 9. Qd2 Bc5 10. Nbc3 0-0 11. g4 Bg6 12. h4 h5 13. gxh5 Bxh5 14. 0-0-0 a6 15. Bg5 b5 16. Bxf6 Qxf6 17. Rhg1 Bxg1 18. Rxg1 a5 19. a4 bxa4 20. Nxa4 Ne5 21. f4 Nf3 22. Qd1 Nxg1 23. Qxg1 Bxe2 24. Qg2 Qxf4+ 25. Kb1 Qf1+ 26. Qxf1 Bxf1 27. Ka2 g6 28. d4 Bb5 29. Nc3 Bd7 30. Ka3 Kg7 31. Na4 Bxa4 32. Kxa4 Rh8 33. c4 dxc4 34. Bxc4 Rxh4 35. Kb3 Rxd4 36. Bf1 a4+ 37. Kc3 Rdd8 38. Kb4 a3 39. bxa3 Rdc8 40. a4 Rab8+ 41. Bb5 Rxb5+ 42. axb5 Rb8 43. Kc5 g5 44. Kc6 g4 45. b6 g3 46. Kc7 Rxb6 47. Kxb6 g2 48. Kc5 g1Q+ 49. Kc4 Qd1 50. Kc3 Kf6 51. Kc4 Qd2 52. Kc5 Qd3 53. Kc6 Ke7 54. Kc5 Kd7 55. Kb4 Qc2 56. Kb5 Kc7 57. Kb4 f6 58. Kb5 f5 59. Kb4 Kc6 60. Ka3 Qb1 61. Ka4 Kc5 62. Ka3 Kc4 0-1

[Event "Pan American-ch School U13"]
[Site "Medellin"]
[Date "2019.11.14"]
[Round "5"]
[White "Guzman Vera, Diego Alonso"]
[Black "Barboza Viquez, Martin Eduardo"]
[Result "1/2-1/2"]
[WhiteElo "1614"]
[BlackElo "1381"]
[PlyCount "90"]
[EventDate "2019.11.12"]
[EventType "swiss"]
[EventRounds "9"]
[EventCountry "COL"]
[SourceTitle "CBM 193 Extra"]
[Source "ChessBase"]
[SourceDate "2020.01.31"]
[SourceVersion "1"]
[SourceVersionDate "2020.01.31"]
[SourceQuality "1"]

1. d4 f5 2. Nf3 d5 3. c4 e6 4. Nc3 c6 5. Bf4 Bd6 6. e3 Nf6 7. Bd3 0-0 8. c5 Bc7 9. b4 Ne4 10. Qc2 h6 11. Bxc7 Qxc7 12. Ne5 Nd7 13. f4 Kh7 14. g4 g6 15. Bxe4 fxe4 16. Nxd7 Bxd7 17. Qd2 g5 18. fxg5 hxg5 19. 0-0-0 e5 20. h4 Kg6 21. Qh2 Rh8 22. h5+ Kh6 23. Qg3 Be6 24. Rhf1 Rhf8 25. Ne2 Qd7 26. Qxe5 Bxg4 27. Rxf8 Rxf8 28. Rg1 Qe6 29. Qxe6+ Bxe6 30. Ng3 Rf3 31. Kd2 Rf2+ 32. Kc3 Rf3 33. Kd2 Bh3 34. a4 Rf2+ 35. Kc3 Rg2 36. Rxg2 Bxg2 37. Kd2 Bf3 38. Ke1 Bxh5 39. Kf2 Bg4 40. Nf1 Bh3 41. Nd2 Kh5 42. Kg3 Bg4 43. a5 a6 44. Nb1 Bf3 45. Nc3 Bg4 1/2-1/2

[Event "Pan American-ch Amateur U1700"]
[Site "San Jose"]
[Date "2019.10.??"]
[Round "6"]
[White "Barboza Viquez, Martin Eduardo"]
[Black "Osorio Castanon, Juan Gera"]
[Result "0-1"]
[WhiteElo "1397"]
[BlackElo "1667"]
[PlyCount "92"]
[EventDate "2019.10.23"]
[EventType "swiss"]
[EventRounds "9"]
[EventCountry "CRI"]
[SourceTitle "EXT 2024"]
[Source "ChessBase"]
[SourceDate "2023.10.10"]
[SourceVersion "1"]
[SourceVersionDate "2023.10.10"]
[SourceQuality "1"]

1. d4 Nf6 2. Bg5 e6 3. Bxf6 Qxf6 4. e3 d5 5. g3 c5 6. c3 cxd4 7. cxd4 Bb4+ 8. Nc3 Bd7 9. a3 Bd6 10. Bg2 Bc6 11. Nge2 Nd7 12. 0-0 g5 13. b4 a6 14. Nc1 h5 15. Nb3 g4 16. Nc5 Qg7 17. Qb3 h4 18. a4 Nxc5 19. bxc5 Bc7 20. a5 hxg3 21. hxg3 Qh6 22. Rfb1 Bxg3 23. Qc2 Bh2+ 24. Kf1 f5 25. Ke2 Bc7 26. Qa2 Qf6 27. Bxd5 exd5 28. Nxd5 Qf7 29. Nxc7+ Qxc7 30. Qe6+ Qe7 31. Qa2 Qe4 32. Rb6 Bb5+ 33. Rxb5 axb5 34. Qb2 0-0-0 35. Rf1 g3 36. Qxb5 g2 37. Rg1 Rh1 38. a6 Rxg1 39. a7 Qc2+ 40. Kf3 Qd1+ 41. Kf4 Qg4+ 42. Ke5 Qe4+ 43. Kf6 Rf8+ 44. Kg7 Qe7+ 45. Kg6 Qf6+ 46. Kh5 Rh1# 0-1